Prognóza počtu narodených detí a stavu obyvateľov v SR na základe ekonometrického modelu

Demografický odhad - odhad narodených detí na základe ekonometrického viacrovnicového modelu. Odhad stavu obyvateľov - model bez rovníc fertilít. Čo sa týka presnosti odhadu - autor zistil, že prezentované modely by sa dali vylepšiť.

Salvato in:
Dettagli Bibliografici
Autore principale: Szomolányi, Karol, 1976-
Natura: Capitolo di libro
Lingua:slovacco
Soggetti:
Tags: Aggiungi Tag
Nessun Tag, puoi essere il primo ad aggiungerne!!

MARC

LEADER 00000naa$a2200000$$$4500
001 0094816
005 20240502072045.1
041 0 |a slo 
044 |a SK 
245 1 0 |a Prognóza počtu narodených detí a stavu obyvateľov v SR na základe ekonometrického modelu  |c Karol Szomolányi 
520 |a Demografický odhad - odhad narodených detí na základe ekonometrického viacrovnicového modelu. Odhad stavu obyvateľov - model bez rovníc fertilít. Čo sa týka presnosti odhadu - autor zistil, že prezentované modely by sa dali vylepšiť. 
610 2 0 |a ekonometria 
610 2 0 |a odhady 
610 2 0 |a prognózy 
610 2 0 |a modely 
610 2 0 |a demografia 
610 2 0 |a obyvateľstvo 
610 2 0 |a deti 
610 2 0 |a Slovensko 
100 1 |a Szomolányi, Karol, 1976-